| 000 | 00619nam a2200217Ii 4500 | ||
|---|---|---|---|
| 003 | JO-AjNU | ||
| 008 | 230606s9999||||xx |||||||||||||| ||und|| | ||
| 020 | _a978-0-13-196855-6 | ||
| 040 |
_aJO-AjNU _beng _erda _cJO-AjNU |
||
| 041 | _aeng | ||
| 050 | 1 | 4 | _aHF5679.A34 2006 |
| 100 | 3 |
_aRomney, Marshall, Paul John Steinbart, _eauthor _96845 |
|
| 245 | 0 | 0 | _aAccounting Information Systems |
| 250 | _a3th ed | ||
| 264 | 3 | 1 | _aLondon: prentice Hall, 2006 |
| 300 | _a804p | ||
| 336 |
_atext _btxt _2rdacontent |
||
| 337 |
_aunmediated _bn _2rdamedia |
||
| 338 |
_avolume _bnc _2rdacarrier |
||
| 650 | 4 |
_aAccounting _96846 |
|
| 999 |
_aE3573 _c3547 _d3547 |
||